000 00601nam a2200193Ia 4500
003 GCL
008 140319s9999 xx 000 0 ara d
040 _aGCL /
_cGCL
082 0 4 _a791.437
_bأ ن
100 1 _aاحمد الحضرى
245 1 0 _aنشرة نادى السينما /
_cاحمد الحضرى
300 _a303 ص
490 _aالهيئة العامة للاستعلامات
_v0
650 0 4 _aالافلام السينمائية
650 0 4 _aالسينما
650 0 4 _aالدوريات
650 0 4 _aالافلام السينمائية - تاريخ ونقد
942 _2ddc
_cBK
999 _c51314
_d51314